| Tag |
First Indicator |
Second Indicator |
Subfields |
| LEADER |
00000cas a2200000 4500 |
| 001 |
in00000041827 |
| 005 |
20151007064802.0 |
| 008 |
800524d19081931nyumr p 0 a0eng d |
| 010 |
|
|
|a sn 79018555
|
| 015 |
|
|
|a 012430188
|2 dnb
|
| 016 |
7 |
|
|a 429309-5
|2 DE-600
|
| 016 |
7 |
|
|a 012091046
|2 Uk
|
| 019 |
|
|
|a 2260713
|a 317250011
|a 500021681
|
| 022 |
|
|
|a 0095-9715
|l 0095-9715
|2 1
|
| 029 |
1 |
|
|a AU@
|b 000007252313
|
| 029 |
1 |
|
|a AU@
|b 000006404597
|
| 029 |
1 |
|
|a AU@
|b 000044764412
|
| 029 |
1 |
|
|a GEBAY
|b 9985820
|
| 029 |
1 |
|
|a GBVCP
|b 13003861X
|
| 029 |
1 |
|
|a ZWZ
|b 036650366
|
| 035 |
|
|
|a (OCoLC)ocm02021289
|
| 035 |
|
|
|a (OCoLC)2021289
|
| 035 |
|
|
|9 AAE0599AM
|
| 035 |
|
|
|a (OCoLC)2021289
|z (OCoLC)2260713
|z (OCoLC)317250011
|z (OCoLC)500021681
|
| 040 |
|
|
|a NSD
|c NSD
|d IUL
|d NSD
|d OCL
|d NST
|d NYG
|d DLC
|d OCLCQ
|d KRTAS
|d OCLCQ
|d GBVCP
|d UKMGB
|d INU
|d CRL
|d UtOrBLW
|
| 042 |
|
|
|a nsdp
|
| 049 |
|
|
|a TXAM
|
| 050 |
|
4 |
|a TF701
|b .E3
|
| 050 |
|
0 |
|a TF701
|b .S65
|
| 222 |
|
0 |
|a Electric railway journal
|
| 245 |
0 |
0 |
|a Electric railway journal.
|
| 264 |
|
1 |
|a [New York] :
|b McGraw Hill Pub. Co.
|
| 300 |
|
|
|a 44 volumes :
|b illustrations ;
|c 30 cm.
|
| 310 |
|
|
|a Monthly,
|b Apr. 1929-Dec. 1931
|
| 321 |
|
|
|a Weekly,
|b June 1908-Mar. 1929
|
| 336 |
|
|
|a text
|b txt
|2 rdacontent
|
| 337 |
|
|
|a unmediated
|b n
|2 rdamedia
|
| 338 |
|
|
|a volume
|b nc
|2 rdacarrier
|
| 362 |
0 |
|
|a v. 32-75; June 1908-Dec. 1931.
|
| 580 |
|
|
|a Formed by the union of Street railway journal and Electric railway review.
|
| 650 |
|
0 |
|a Electric railroads
|v Periodicals.
|
| 650 |
|
0 |
|a Street-railroads
|x Periodicals.
|
| 650 |
|
0 |
|a Transportation
|v Periodicals.
|
| 776 |
0 |
8 |
|i Online version:
|t Electric railway journal
|w (OCoLC)659397299
|
| 780 |
1 |
4 |
|t Street railway journal
|w (DLC)sn 86032979
|w (OCoLC)8012554
|
| 780 |
1 |
4 |
|t Electric railway review
|w (DLC)sn 86032935
|w (OCoLC)2446606
|
| 785 |
0 |
0 |
|t Transit journal (New York, N.Y.)
|x 0097-6849
|w (DLC)sn 79018556
|w (OCoLC)1767698
|
| 787 |
0 |
|
|t Bus transportation
|w (DLC) 25001504
|w (OCoLC)1537861
|
| 850 |
|
|
|a KMK
|a N
|
| 936 |
|
|
|a Dec. 1931
|
| 938 |
|
|
|a Kirtas Technologies, Inc.
|b KRTS
|n 761584
|
| 949 |
|
|
|a updated
|b h
|c 2011/5/31
|e vilik
|f 11:46:18 am
|
| 994 |
|
|
|a C0
|b TXA
|
| 999 |
|
|
|a MARS
|
| 999 |
f |
f |
|s b1696e9b-335d-3513-81dc-a79e49889f39
|i 1ef5cb07-ddb8-33ac-9c38-4359b7fc03d2
|t 0
|
| 952 |
f |
f |
|p storage
|a Texas A&M University
|b J.J. Pickle Campus
|c High Density Repository
|d Remote Storage
|t 0
|e TF701 .S65
|h Library of Congress classification
|i unmediated -- volume
|k v.49
|l 1917:Jan.-June
|m A14840792694
|
| 952 |
f |
f |
|p storage
|a Texas A&M University
|b J.J. Pickle Campus
|c High Density Repository
|d Remote Storage
|t 0
|e TF701 .S65
|h Library of Congress classification
|i unmediated -- volume
|k v.58
|l 1921:July-Dec.
|m A14840793056
|
| 952 |
f |
f |
|p storage
|a Texas A&M University
|b J.J. Pickle Campus
|c High Density Repository
|d Remote Storage
|t 0
|e TF701 .S65
|h Library of Congress classification
|i unmediated -- volume
|k v.74
|l 1930:July-Dec.
|m A14840793844
|
| 952 |
f |
f |
|p storage
|a Texas A&M University
|b J.J. Pickle Campus
|c High Density Repository
|d Remote Storage
|t 0
|e TF701 .S65
|h Library of Congress classification
|i unmediated -- volume
|k v.62
|l 1923:July-Dec.
|m A14840793218
|
| 952 |
f |
f |
|p storage
|a Texas A&M University
|b J.J. Pickle Campus
|c High Density Repository
|d Remote Storage
|t 0
|e TF701 .S65
|h Library of Congress classification
|i unmediated -- volume
|k v.41
|l 1913:Jan.-June
|m A14840793103
|
| 952 |
f |
f |
|p storage
|a Texas A&M University
|b J.J. Pickle Campus
|c High Density Repository
|d Remote Storage
|t 0
|e TF701 .S65
|h Library of Congress classification
|i unmediated -- volume
|k v.46
|l 1915:July-Dec.
|m A14840792652
|
| 952 |
f |
f |
|p storage
|a Texas A&M University
|b J.J. Pickle Campus
|c High Density Repository
|d Remote Storage
|t 0
|e TF701 .S65
|h Library of Congress classification
|i unmediated -- volume
|k v.61
|l 1923:Jan.-June
|m A14840793179
|
| 952 |
f |
f |
|p storage
|a Texas A&M University
|b J.J. Pickle Campus
|c High Density Repository
|d Remote Storage
|t 0
|e TF701 .S65
|h Library of Congress classification
|i unmediated -- volume
|k v.66
|l 1925:July-Dec.
|m A14840793488
|
| 952 |
f |
f |
|p storage
|a Texas A&M University
|b J.J. Pickle Campus
|c High Density Repository
|d Remote Storage
|t 0
|e TF701 .S65
|h Library of Congress classification
|i unmediated -- volume
|k v.74
|l 1930:Jan.-June
|m A14840793802
|
| 952 |
f |
f |
|p storage
|a Texas A&M University
|b J.J. Pickle Campus
|c High Density Repository
|d Remote Storage
|t 0
|e TF701 .S65
|h Library of Congress classification
|i unmediated -- volume
|k v.68
|l 1926:July-Dec.
|m A14840793527
|
| 952 |
f |
f |
|p storage
|a Texas A&M University
|b J.J. Pickle Campus
|c High Density Repository
|d Remote Storage
|t 0
|e TF701 .S65
|h Library of Congress classification
|i unmediated -- volume
|k v.53
|l 1919:Jan.-June
|m A14840792856
|
| 952 |
f |
f |
|p storage
|a Texas A&M University
|b J.J. Pickle Campus
|c High Density Repository
|d Remote Storage
|t 0
|e TF701 .S65
|h Library of Congress classification
|i unmediated -- volume
|k v.75
|l 1931
|m A14840793886
|
| 952 |
f |
f |
|p storage
|a Texas A&M University
|b J.J. Pickle Campus
|c High Density Repository
|d Remote Storage
|t 0
|e TF701 .S65
|h Library of Congress classification
|i unmediated -- volume
|k v.42
|l 1913:July-Dec.
|m A14840793226
|
| 952 |
f |
f |
|p storage
|a Texas A&M University
|b J.J. Pickle Campus
|c High Density Repository
|d Remote Storage
|t 0
|e TF701 .S65
|h Library of Congress classification
|i unmediated -- volume
|k v.59
|l 1922:Jan.-June
|m A14840793098
|
| 952 |
f |
f |
|p storage
|a Texas A&M University
|b J.J. Pickle Campus
|c High Density Repository
|d Remote Storage
|t 0
|e TF701 .S65
|h Library of Congress classification
|i unmediated -- volume
|k v.39
|l 1912:Jan.-June
|m A14840793022
|
| 952 |
f |
f |
|p storage
|a Texas A&M University
|b J.J. Pickle Campus
|c High Density Repository
|d Remote Storage
|t 0
|e TF701 .S65
|h Library of Congress classification
|i unmediated -- volume
|k v.63
|l 1924:Jan.-June
|m A14840793365
|
| 952 |
f |
f |
|p storage
|a Texas A&M University
|b J.J. Pickle Campus
|c High Density Repository
|d Remote Storage
|t 0
|e TF701 .S65
|h Library of Congress classification
|i unmediated -- volume
|k v.71
|l 1928:Jan.-June
|m A14840793640
|
| 952 |
f |
f |
|p storage
|a Texas A&M University
|b J.J. Pickle Campus
|c High Density Repository
|d Remote Storage
|t 0
|e TF701 .S65
|h Library of Congress classification
|i unmediated -- volume
|k v.69
|l 1927:Jan.-June
|m A14840793569
|
| 952 |
f |
f |
|p storage
|a Texas A&M University
|b J.J. Pickle Campus
|c High Density Repository
|d Remote Storage
|t 0
|e TF701 .S65
|h Library of Congress classification
|i unmediated -- volume
|k v.48
|l 1916:July-Dec.
|m A14840793250
|
| 952 |
f |
f |
|p storage
|a Texas A&M University
|b J.J. Pickle Campus
|c High Density Repository
|d Remote Storage
|t 0
|e TF701 .S65
|h Library of Congress classification
|i unmediated -- volume
|k v.73
|l 1929:Jan.-June
|m A14840793721
|
| 952 |
f |
f |
|p storage
|a Texas A&M University
|b J.J. Pickle Campus
|c High Density Repository
|d Remote Storage
|t 0
|e TF701 .S65
|h Library of Congress classification
|i unmediated -- volume
|k v.38
|l 1911:July-Dec.
|m A14840792987
|
| 952 |
f |
f |
|p storage
|a Texas A&M University
|b J.J. Pickle Campus
|c High Density Repository
|d Remote Storage
|t 0
|e TF701 .S65
|h Library of Congress classification
|i unmediated -- volume
|k v.72
|l 1928:July-Dec.
|m A14840793682
|
| 952 |
f |
f |
|p storage
|a Texas A&M University
|b J.J. Pickle Campus
|c High Density Repository
|d Remote Storage
|t 0
|e TF701 .S65
|h Library of Congress classification
|i unmediated -- volume
|k v.73
|l 1929:July-Dec.
|m A14840793763
|
| 952 |
f |
f |
|p storage
|a Texas A&M University
|b J.J. Pickle Campus
|c High Density Repository
|d Remote Storage
|t 0
|e TF701 .S65
|h Library of Congress classification
|i unmediated -- volume
|k v.57
|l 1921:Jan.-June
|m A14840793014
|
| 952 |
f |
f |
|p storage
|a Texas A&M University
|b J.J. Pickle Campus
|c High Density Repository
|d Remote Storage
|t 0
|e TF701 .S65
|h Library of Congress classification
|i unmediated -- volume
|k v.34
|l 1909:July-Dec.
|m A14840792903
|
| 952 |
f |
f |
|p storage
|a Texas A&M University
|b J.J. Pickle Campus
|c High Density Repository
|d Remote Storage
|t 0
|e TF701 .S65
|h Library of Congress classification
|i unmediated -- volume
|k v.70
|l 1927:July-Dec.
|m A14840793608
|
| 952 |
f |
f |
|p storage
|a Texas A&M University
|b J.J. Pickle Campus
|c High Density Repository
|d Remote Storage
|t 0
|e TF701 .S65
|h Library of Congress classification
|i unmediated -- volume
|k v.43
|l 1914:Jan.-June
|m A14840793268
|
| 952 |
f |
f |
|p storage
|a Texas A&M University
|b J.J. Pickle Campus
|c High Density Repository
|d Remote Storage
|t 0
|e TF701 .S65
|h Library of Congress classification
|i unmediated -- volume
|k v.52
|l 1918:July-Dec.
|m A14840792814
|
| 952 |
f |
f |
|p storage
|a Texas A&M University
|b J.J. Pickle Campus
|c High Density Repository
|d Remote Storage
|t 0
|e TF701 .S65
|h Library of Congress classification
|i unmediated -- volume
|k v.56
|l 1920:July-Dec.
|m A14840792979
|
| 952 |
f |
f |
|p storage
|a Texas A&M University
|b J.J. Pickle Campus
|c High Density Repository
|d Remote Storage
|t 0
|e TF701 .S65
|h Library of Congress classification
|i unmediated -- volume
|k v.64
|l 1924:July-Dec.
|m A14840793404
|
| 952 |
f |
f |
|p storage
|a Texas A&M University
|b J.J. Pickle Campus
|c High Density Repository
|d Remote Storage
|t 0
|e TF701 .S65
|h Library of Congress classification
|i unmediated -- volume
|k v.54
|l 1919:July-Dec.
|m A14840792898
|
| 952 |
f |
f |
|p storage
|a Texas A&M University
|b J.J. Pickle Campus
|c High Density Repository
|d Remote Storage
|t 0
|e TF701 .S65
|h Library of Congress classification
|i unmediated -- volume
|k v.36
|l 1910:July-Dec.
|m A14840793187
|
| 952 |
f |
f |
|p storage
|a Texas A&M University
|b J.J. Pickle Campus
|c High Density Repository
|d Remote Storage
|t 0
|e TF701 .S65
|h Library of Congress classification
|i unmediated -- volume
|k v.44
|l 1914:July-Dec.
|m A14813848113
|
| 952 |
f |
f |
|p storage
|a Texas A&M University
|b J.J. Pickle Campus
|c High Density Repository
|d Remote Storage
|t 0
|e TF701 .S65
|h Library of Congress classification
|i unmediated -- volume
|k v.35
|l 1910:Jan.-June
|m A14840793145
|
| 952 |
f |
f |
|p storage
|a Texas A&M University
|b J.J. Pickle Campus
|c High Density Repository
|d Remote Storage
|t 0
|e TF701 .S65
|h Library of Congress classification
|i unmediated -- volume
|k v.67
|l 1926:Jan.-June
|m A14813812112
|
| 952 |
f |
f |
|p storage
|a Texas A&M University
|b J.J. Pickle Campus
|c High Density Repository
|d Remote Storage
|t 0
|e TF701 .S65
|h Library of Congress classification
|i unmediated -- volume
|k v.51
|l 1918:Jan.-June
|m A14840792775
|
| 952 |
f |
f |
|p storage
|a Texas A&M University
|b J.J. Pickle Campus
|c High Density Repository
|d Remote Storage
|t 0
|e TF701 .S65
|h Library of Congress classification
|i unmediated -- volume
|k v.50
|l 1917:July-Dec.
|m A14840792733
|
| 952 |
f |
f |
|p storage
|a Texas A&M University
|b J.J. Pickle Campus
|c High Density Repository
|d Remote Storage
|t 0
|e TF701 .S65
|h Library of Congress classification
|i unmediated -- volume
|k v.40
|l 1912:July-Dec.
|m A14840793064
|
| 952 |
f |
f |
|p storage
|a Texas A&M University
|b J.J. Pickle Campus
|c High Density Repository
|d Remote Storage
|t 0
|e TF701 .S65
|h Library of Congress classification
|i unmediated -- volume
|k v.45
|l 1915:Jan.-June
|m A14840793307
|
| 952 |
f |
f |
|p storage
|a Texas A&M University
|b J.J. Pickle Campus
|c High Density Repository
|d Remote Storage
|t 0
|e TF701 .S65
|h Library of Congress classification
|i unmediated -- volume
|k v.47
|l 1916:Jan.-June
|m A14840793292
|
| 952 |
f |
f |
|p storage
|a Texas A&M University
|b J.J. Pickle Campus
|c High Density Repository
|d Remote Storage
|t 0
|e TF701 .S65
|h Library of Congress classification
|i unmediated -- volume
|k v.37
|l 1911:Jan.-June
|m A14840792945
|
| 952 |
f |
f |
|p storage
|a Texas A&M University
|b J.J. Pickle Campus
|c High Density Repository
|d Remote Storage
|t 0
|e TF701 .S65
|h Library of Congress classification
|i unmediated -- volume
|k v.60
|l 1922:July-Dec.
|m A14840793137
|
| 952 |
f |
f |
|p storage
|a Texas A&M University
|b J.J. Pickle Campus
|c High Density Repository
|d Remote Storage
|t 0
|e TF701 .S65
|h Library of Congress classification
|i unmediated -- volume
|k v.65
|l 1925:Jan.-June
|m A14840793446
|
| 952 |
f |
f |
|p storage
|a Texas A&M University
|b J.J. Pickle Campus
|c High Density Repository
|d Remote Storage
|t 0
|e TF701 .S65
|h Library of Congress classification
|i unmediated -- volume
|k v.55
|l 1920:Jan.-June
|m A14840792937
|
| 998 |
f |
f |
|a TF701 .S65
|s v.34-75 (1909-1931)
|t 0
|l Remote Storage
|